00449nam a22001697a 4500003000500000038001200005082001600017100002200033245002900055250001000084260003500094300000900129563000700138942001200145999001900157952010300176NUST aKhadija a355.02bCLA aClausewitz990635 aOn War /cVon Clausewitz avol I alahorebcombine printersc1962 ap314 aHB 2ddccBK c588831d588831 00102ddc4070aSMMEbSMMEcGENd2022-03-17l0o355.02 CLApSMME-3711r2022-03-17w2022-03-17yBK